000 01500njm a22003377a 4500
005 20100920115419.0
007 sd ammalaaahaa
008 100904t xxu||||| |||| 00| 0 hin d
028 _aPSLP.1018
_bHis Master's Voice
028 _aS/2XJW.6251
_bHis Master's Voice
028 _aS/2XJW.6252
_bHis Master's Voice
035 _aGR-03617
040 _aSED/VEN
100 _aNitin Mukesh
_91184
245 _aMera Naam Joker (Part-1)
_bHindi Film /
_cby Nitin Mukesh
_h[Sound Recording] :
246 _aमेरा नाम जोकर (नितिन मुकेश)
250 _aP-1984
260 _aDum Dum, India :
_bHis Master's Voice
300 _a1 sound disc [Gramophone Recording] :
_banalog, 33 1/3 rpm ;
_c12 in. [LP]
_fGramophone Records
500 _aBrief Records
500 _aRecord Lables: His Master's Voice, Red
505 _aSong Side-1; जाने कहाँ गए वा दिन (मेरा नाम जोकर) (नितिन मुकेश), Song Side-2; जिन्दगी की ना टूटे लड़ी (क्रान्ति) (लता मंगेशकर और नितिन मुकेश) Part 2
600 _aNitin Mukesh
_920735
650 _aClassical Music
_xExcerpts
_zIndia
_918309
700 _918319
_aMangeshkar, Lata
700 _918320
700 _919413
700 _919439
942 _2ddc
_cGR
999 _c46940
_d46940